Iskolakultúra. - 1. évf. (1991) 4. sz. melléklet
Elmentve itt :
| Dokumentumtípus: | Folyóirat |
|---|---|
| Megjelent: |
1991
|
| Sorozat: | Iskolakultúra
1 No. 4 |
| Online Access: | http://misc.bibl.u-szeged.hu/42812 |
| LEADER | 00496nas a2200145 i 4500 | ||
|---|---|---|---|
| 001 | misc42812 | ||
| 005 | 20191106141334.0 | ||
| 008 | 180720s1991 hu o 0|| zxx d | ||
| 022 | |a 1215-5233 | ||
| 040 | |a SZTE Miscellanea Repozitórium |b hun | ||
| 041 | |a zxx | ||
| 245 | 0 | 0 | |a Iskolakultúra. - 1. évf. (1991) 4. sz. melléklet |h [elektronikus dokumentum] |
| 260 | |c 1991 | ||
| 490 | 0 | |a Iskolakultúra |v 1 No. 4 | |
| 856 | 4 | 0 | |u http://misc.bibl.u-szeged.hu/42812/1/iskolakultura_1991_004_melleklet.pdf |z Dokumentum-elérés |